| 000 | 00426nam a2200169Ia 4500 | ||
|---|---|---|---|
| 008 | 170705s9999 xx 000 0 und d | ||
| 020 | _a9780439802673 | ||
| 245 | _aI know it's autumn / | ||
| 245 | _cby Eileen Spinneli ; illustrated by Nancy Hayashi. | ||
| 260 | _aNew York : | ||
| 260 | _bScholastic, | ||
| 260 | _c2004 | ||
| 300 | _aunpaged : | ||
| 300 | _bcolor illustration ; | ||
| 300 | _c28cm. | ||
| 500 | _a820 | ||
| 999 |
_c337082 _d337082 |
||